Countries By Continent Capitals #4 - Statistics

General Stats
  • This quiz has been taken 19 times
  • The average score is 36 of 48
Answers on the Map
Answers color-coded by a green-red scale on the quiz's map according to % correct below.
 
Answer Stats
Answer % Correct
Islamabad
100%
Ankara
94%
Beirut
94%
Jerusalem
94%
New Delhi
94%
Tehran
94%
Beijing
88%
Damascus
88%
Kuwait City
88%
Tokyo
88%
Abu Dhabi
81%
Baghdad
81%
Jakarta
81%
Pyongyang
81%
Riyadh
81%
Seoul
81%
Amman
75%
Bangkok
75%
Dhaka
75%
Doha
75%
Hanoi
75%
Kabul
75%
Kathmandu
75%
Kuala lumpur
75%
Manilla
75%
Nicosia
75%
Phnom Penh
75%
Singapore
75%
Taipei
75%
Ashgabat
69%
Astana
69%
Baku
69%
Male
69%
Muscat
69%
Tbilisi
69%
Thimphu
69%
Ulaanbaatar
69%
Bishkek
63%
Manama
63%
Nay Pyi Daw
63%
Sana'a
63%
Tashkent
63%
Vientiane
63%
Yerevan
63%
Bandar Seri Begawan
56%
Dili
56%
Dushanbe
56%
Sri Jayewardenepura Kotte
38%
No matching quizzes found
Score Distribution
Percent of People with Each Score
Percentile by Number Answered
Your Score History
You have not taken this quiz